000 00560nam a2200181Ia 4500
008 151202s9999||||xx |||||||||||||| ||und||
082 _bPNVM-56779
100 _aकाशिकर एस्.एम्.
245 _aसर्चमॅन.
260 _bसत्यजय प्रकाशन मुंबई.
260 _c1994
300 _a178
600 _aकाशिकर एस्.एम्.
630 _aसर्चमॅन.
700 _aकाशिकर एस्.एम्.
730 _aसर्चमॅन.
942 _cBOOK
999 _c1323317
_d1323314